Redewendungen und sprichwortliche Redensarten: Worterbuch der deutschen Idiomatik; Band 11

Dettagli Bibliografici
Lingua:tedesco
Pubblicazione: Mannheim, Dudenverlag, 1998
Serie:Duden
Soggetti:
Natura: Libro
KOHA link:https://koha.lib.tpu.ru/cgi-bin/koha/opac-detail.pl?biblionumber=23115

MARC

LEADER 00000nam0a2200000 4500
001 23115
005 20231030195120.0
010 |a 3411041110 
035 |a (RuTPU)RU\TPU\book\23330 
035 |a BOOK00023402 
090 |a 23115 
100 |a 20011209d1998 m y0gery50 ba 
101 0 |a ger 
102 |a DE 
105 |a y e 000zy 
200 1 |a Redewendungen und sprichwortliche Redensarten  |e Worterbuch der deutschen Idiomatik  |h Band 11 
210 |a Mannheim  |c Dudenverlag  |d 1998 
215 |a 883 p. 
225 1 |a Duden 
610 1 |a немецкий язык 
610 1 |a словари 
610 1 |a лексика 
610 1 |a стилистика 
610 1 |a лексикология 
686 |a Ш143.24-4  |v LBC/SL-A  |2 rubbk 
801 0 |a DE  |b 63413507  |c 20011209  |g PSBO 
801 2 |a RU  |b 63413507  |c 20170607  |g PSBO 
942 |c BK